00333nam a2200121Ia 4500008004100000041000800041082001200049100001600061245004500077260004800122300003000170365001100200240624s9999 xx 000 0 und d aeng a020 KUM aKUMAR P S G aCENTENARY TRIBUTE RANGANATHAN A MULTI FA c1992aNew DelhibB R Publishing Corporation axi, : 240 : p. : cm. ; 22 cRSb20